Counties Named After Rivers - Statistics

General Stats
  • This quiz has been taken 13 times
  • The average score is 27 of 168
Answer Stats
State River % Correct
Indiana | Kentucky | West Virginia Ohio
92%
Colorado | Utah Grand
85%
Arkansas Mississippi
85%
Missouri MIssissippi
85%
Texas Colorado
77%
New Mexico Rio Arriba
77%
Colorado Rio Grande
77%
New Jersey Hudson
69%
Louisiana | Texas Red River
69%
Pennsylvania Delaware
62%
Minnesota Kanabec
62%
Oregon | Washington Columbia
54%
California Sacramento
54%
New York St. Lawrence
54%
New York Allegany
46%
North Carolina Alleghany
46%
Pennsylvania Allegheny
46%
Illinois | Indiana Wabash
46%
Texas Brazoria
38%
Texas Brazos
38%
Georgia Chattahoochee
38%
Iowa Iowa
38%
Missouri | Nebraska | Wyoming Platte
38%
Pennsylvania Susquehanna
38%
Ohio Cuyahoga
31%
Iowa Des Moines
31%
Arizona Gila
31%
Florida Indian River
31%
Colorado Rio Blanco
31%
Florida St. Johns
31%
Oklahoma Canadian
23%
Iowa Cedar
23%
Virginia Fluvanna
23%
Arkansas Little River
23%
Texas Pecos
23%
Idaho Boise
15%
West Virginia Kanawha
15%
Maine Kennebec
15%
Pennsylvania Lehigh
15%
New Hampshire Merrimack
15%
Arkansas | Louisiana Ouachita
15%
Mississippi Pearl River
15%
Virginia Shenandoah
15%
Minnesota St. Louis
15%
Alabama Tuscaloosa
15%
Maine Androscoggin
8%
Maine Aroostook
8%
Ohio Ashtabula
8%
Oklahoma | Pennsylvania Beaver
8%
Wisconsin Buffalo
8%
Georgia Chattooga
8%
Minnesota Chippewa
8%
Colorado Clear Creek
8%
Illinois DuPage
8%
Colorado Eagle
8%
Alabama | Florida Escambia
8%
Oregon Hood
8%
Nevada Humboldt
8%
Pennsylvania Juniata
8%
Illinois Kankakee
8%
Pennsylvania Lackawanna
8%
Pennsylvania Lycoming
8%
Ohio Mahoning
8%
Michigan Manistee
8%
Kansas Neosho
8%
Wyoming Niobrara
8%
New York Oswego
8%
Montana Powder River
8%
Virginia Rappahannock
8%
Minnesota Red Lake
8%
Wisconsin Rock
8%
Illinois Sangamon
8%
Colorado | New Mexico San Juan
8%
Arizona Santa Cruz
8%
Pennsylvania Schuylkill
8%
Ohio Scioto
8%
Indiana | Michigan St. Joseph
8%
Pennsylvania Tioga
8%
Indiana Tippecanoe
8%
Illinois Vermilion
8%
Oregon Yamhill
8%
North Carolina Alamance
0%
Mississippi Amite
0%
Virginia Appomattox
0%
Washington Asotin
0%
Ohio Auglaize
0%
Michigan Benzie
0%
Texas Blanco
0%
Texas Bosque
0%
Idaho Cassia
0%
New York Cattaraugus
0%
Missouri Chariton
0%
Michigan Cheboygan
0%
Pennsylvania Clarion
0%
Idaho | MInnesota Clearwater
0%
Alabama Conecuh
0%
Alabama Coosa
0%
Colorado Costilla
0%
Minnesota Cottonwood
0%
Oregon Deschutes
0%
Colorado Dolores
0%
Kansas Elk
0%
Missouri Gasconade
0%
West Virginia Greenbrier
0%
Florida Hillsborough
0%
Ohio Hocking
0%
Montana Judith Basin
0%
Michigan Kalamazoo
0%
California Kern
0%
Nebraska Keya Paha
0%
California Kings
0%
Minnesota Koochiching
0%
Colorado Las Animas
0%
Idaho Latah
0%
Alabama Limestone
0%
Nebraska Loup
0%
Oregon Malheur
0%
Missouri Maries
0%
Missouri Moniteau
0%
West Virginia Monongalia
0%
Michigan Muskegon
0%
Montana Musselshell
0%
Kansas | Nebraska Nemaha
0%
Missouri Nodaway
0%
Georgia Oconee
0%
Michigan Ontonagon
0%
Kansas | Missouri Osage
0%
Minnesota Otter Tail
0%
Idaho Payette
0%
California Plumas
0%
Wisconsin Racine
0%
Minnesota Redwood
0%
Kansas Republic
0%
Minnesota Roseau
0%
Montana Rosebud
0%
Arkansas | Illinois | Kansas Saline
0%
California San Benito
0%
Colorado San Miguel
0%
Utah Sevier
0%
Michigan Shiawassee
0%
Arkansas St. Francis
0%
Montana Stillwater
0%
Florida Suwannee
0%
Wyoming Sweetwater
0%
Alabama Tallapoosa
0%
Louisiana Tangipahoa
0%
Louisiana Tensas
0%
Ohio Tuscarawas
0%
Maryland Wicomico
0%
Minnesota Yellow Medicine
0%
No matching quizzes found
Score Distribution
Percent of People with Each Score
Percentile by Number Answered
Your Score History
You have not taken this quiz